Southville International School and Colleges
Your cart is empty.
  • Cart
  • Lists
    Public lists Eva Luna New books Lux_list list_1
    Your lists Log in to create your own lists
  • Log in to your account
  • Your cookies
  • Search history
Southville International School and Colleges
  • Advanced search
  • Recent comments
  • Most popular
  • Libraries

Log in to your account

Log in with GOOGLE


If you do not have an external account, but do have a local account, you can still log in:

  1. Home
  2. MARC view: My incredible knititng nana
Normal view MARC view ISBD view

My incredible knititng nana (Record no. 365949)

[ view plain ]
MARC details
000 -LEADER
fixed length control field 00575nam a22001937a 4500
003 - CONTROL NUMBER IDENTIFIER
control field 0
005 - DATE AND TIME OF LATEST TRANSACTION
control field 20240422085922.0
008 - FIXED-LENGTH DATA ELEMENTS--GENERAL INFORMATION
fixed length control field 240422b xxu||||| |||| 00| 0 eng d
020 ## - INTERNATIONAL STANDARD BOOK NUMBER
International Standard Book Number 978-1-910851-45-6
050 ## - LIBRARY OF CONGRESS CALL NUMBER
Classification number ER
Item number My995 2017
082 ## - DEWEY DECIMAL CLASSIFICATION NUMBER
Classification number ER
Item number My995 2017
100 ## - MAIN ENTRY--PERSONAL NAME
Personal name Blyth, Rowena
245 ## - TITLE STATEMENT
Title My incredible knititng nana
Statement of responsibility, etc Rowena Blyth
260 ## - PUBLICATION, DISTRIBUTION, ETC. (IMPRINT)
Place of publication, distribution, etc Wirral, Merseyside
Name of publisher, distributor, etc Fourth Wall Publishing
Date of publication, distribution, etc c2017.
300 ## - PHYSICAL DESCRIPTION
Extent unpaged :
Other physical details colored illustrations ;
Dimensions 27cm.
650 ## - SUBJECT ADDED ENTRY--TOPICAL TERM
Topical term or geographic name as entry element Knitting--Easy Reading Book.
650 ## - SUBJECT ADDED ENTRY--TOPICAL TERM
Topical term or geographic name as entry element Knitting--Picture Book.
942 ## - ADDED ENTRY ELEMENTS (KOHA)
Source of classification or shelving scheme Dewey Decimal Classification
Koha item type Books
Holdings
Withdrawn status Lost status Source of classification or shelving scheme Damaged status Home library Current library Shelving location Date acquired Source of acquisition Sub Shelving location Total Checkouts Full call number Barcode Date last seen Price effective from Koha item type
    Dewey Decimal Classification   Munich Library Munich Library Easy Reading Section 04/22/2024 Library Fund     ER My995 2017 M8677 04/22/2024 04/22/2024 Books

My incredible knititng nana

APA

Blyth R., . (2017). My incredible knititng nana. Wirral, Merseyside: Fourth Wall Publishing.

Chicago

Blyth Rowena, . 2017. My incredible knititng nana. Wirral, Merseyside: Fourth Wall Publishing.

Harvard

Blyth R., . (2017). My incredible knititng nana. Wirral, Merseyside: Fourth Wall Publishing.

MLA

Blyth Rowena, . My incredible knititng nana. Wirral, Merseyside: Fourth Wall Publishing. 2017.

  • Place hold
  • Print
  • Cite
  • Add to your cart (remove)
  • Save record
    BIBTEX Dublin Core MARCXML MARC (non-Unicode/MARC-8) MARC (Unicode/UTF-8) MARC (Unicode/UTF-8, Standard) MODS (XML) RIS
  • More searches
    Search for this title in:
    Other Libraries (WorldCat) Other Databases (Google Scholar) Online Stores (Bookfinder.com) Open Library (openlibrary.org)

Exporting to Dublin Core...

SOUTHVILLE LIBRARY

Southville International School and Colleges Library

1281 Tropical Ave. Cor. Luxembourg St., BF Homes International, Las Pinas City

Tel. No. 8256374 / 252358 Loc. 117/146

Powered by Koha